000
00357nam a2200169Ia 4500
100
_a
Brenner/Henry
650
_a
Philosophy
942
_c
BK
366
_f
25
654
_a
joyfully
245
_a
Art of living Joyfully
260
_b
Better Yourself Books
_a
Bandra
_c
1942
082
_a
170/BRE
_b
BRE
300
_a
88
546
_a
ENGLISH
999
_c
22504
_d
22504